| 000 | 00681nam a22002057a 4500 | ||
|---|---|---|---|
| 003 | OSt | ||
| 005 | 20260427045237.0 | ||
| 008 | 260427b |||||||| |||| 00| 0 eng d | ||
| 020 | _a1-58297-290-7 | ||
| 040 |
_aDWC-Main lib _cOC |
||
| 082 |
_22nd edition _aCirc. 808.02 F724 2004 |
||
| 100 | _aLaufenberg, Cynthia | ||
| 245 |
_aFormatting and submitting your manuscript*/ _cCynthia Laufenberg |
||
| 260 |
_aCincinnati, ohio : _bWriter's Digest Books, _cc2004. |
||
| 300 |
_a282 pages ; _c27 cm. |
||
| 504 | _aIncludes index. | ||
| 650 | _a1. Authorship -- Markerting. | ||
| 650 | _a2. manuscript preparation ( authorship ). | ||
| 942 |
_2ddc _cBK-CIRC _e2nd edition _hCirc. _n0 |
||
| 999 |
_c9915 _d9915 |
||